Histoire naturelle de l'homme (Record no. 162566)

MARC details
000 -LEADER
campo de control de longitud fija 00982nam a22002175i 4500
001 - NÚMERO DE CONTROL
campo de control 162566
003 - IDENTIFICADOR DE NÚMERO DE CONTROL
campo de control ES-MaACL
005 - FECHA Y HORA DE LA ÚLTIMA TRANSACCIÓN
campo de control 20230906212544.0
008 - DATOS DE LONGITUD FIJA--INFORMACIÓN GENERAL
campo de control de longitud fija 000131s1843 fr af |||| | fre d
040 ## - FUENTE DE CATALOGACIÓN
Centro catalogador/agencia de origen CCPB | B
Lengua de catalogación spa
Centro/agencia transcriptor CCPB | B
100 1# - ENTRADA PRINCIPAL--NOMBRE DE PERSONA
Nombre de persona Prichard, J. C.
9 (RLIN) 131365
245 10 - MENCIÓN DEL TÍTULO
Título Histoire naturelle de l'homme
Resto del título : comprenant des recherches sur l'influence des agens physiques et moraux considérés comme causes des variétés qui distinguent entre elles les différentes races humaines /
Mención de responsabilidad, etc. par J.C. Prichard ; traduit de l'anglais par le Dr. F. Roulin.
260 ## - PUBLICACIÓN, DISTRIBUCIÓN, ETC.
Lugar de publicación, distribución, etc. Paris :
Nombre del editor, distribuidor, etc. chez J.-B. Baillière,
Fecha de publicación, distribución, etc. 1843.
300 ## - DESCRIPCIÓN FÍSICA
Extensión 2 v. :
Otras características físicas il. ;
Dimensiones 23 cm.
500 ## - NOTA GENERAL
Nota general Accompagné de 40 planches gravées et coloriées, et de 90 figures en bois intercalées dans le texte.
599 ## - NOTA A LAS ILUSTRACIONES
NOTA A LAS ILUSTRACIONES Il. y h. de grab. relacionadas con las distintas razas.
650 ## - PUNTO DE ACCESO ADICIONAL DE MATERIA--TÉRMINO DE MATERIA
Término de materia o nombre geográfico como elemento de entrada Raza.
9 (RLIN) 16677
700 1# - ENTRADA AGREGADA--NOMBRE PERSONAL
Nombre de persona Roulin, F.
9 (RLIN) 132099
852 ## - LOCALIZACIÓN
Ubicación ES-MaACL
Número de control de estantería G-10887-88
Nota libre -- Enc. hol.
Holdings
Estatus retirado Estado de pérdida Estado de daño No para préstamo Colección Biblioteca de origen Biblioteca actual Ubicación en estantería Fecha de adquisición Total de préstamos Signatura topográfica completa Código de barras Visto por última vez Precio de reemplazo Tipo de ítem Koha
        Libros del s. XIX Biblioteca del Ateneo de Madrid Biblioteca del Ateneo de Madrid Sala Pecera Planta 3 17/01/2008   G-10887-88 1170308 23/02/2023 23/02/2023 Libro impreso antiguo